Dictionary of glass materials and techniques : second edition

Bibliographic Details
Main Author: Bray, Chares
Format: Book
Published: London : Soho square , 2001
Subjects:

MARC

LEADER 00000cam a2200000 7i4500
001 0000016883
005 20080502.0
008 080502
020 |a 0713657928 
090 0 0 |a 748   |b BRA 
100 0 |a Bray, Chares 
245 1 0 |a Dictionary of glass materials and techniques :   |b second edition   |c Chares Bray 
260 |a London :   |b Soho square ,   |c 2001 
650 0 |a Glass   |x Techniques 
650 0 |a Glass   |x Theory & philosophy 
999 |a 0001013944   |b Book   |c REFERENCE   |e Perbadanan Perpustakaan Awam Johor